| 000 | 00517nam a2200169 a 4500 | ||
|---|---|---|---|
| 005 | 20140412111236.0 | ||
| 008 | 060405s19uu xx 00 eng d | ||
| 020 | _a0-590-34524-9 | ||
| 050 |
_aTR(GS 411 _bWa15 1986 |
||
| 100 | _aWalling, Elaine | ||
| 245 |
_aWriter's workshop / : _bapplying the writing process / _cby Elaine Walling. |
||
| 260 |
_aNew York : _bScholastic Inc., _c1986. |
||
| 300 | _a61 p. ; ill. | ||
| 440 | _aA Scholastic Skills Book | ||
| 650 |
_aWriting _xJuvenile literature |
||
| 999 |
_c102461 _d102461 |
||